000
00311nam a2200145Ia 4500
100
_a
Vlasov/G.D
650
_a
Chemistry
942
_c
BK
654
_a
Wood working
245
_a
Technology of Wood Working
260
_b
Higher School Publishing House
082
_a
684
300
_a
496
546
_a
ENGLISH
999
_c
23294
_d
23294